000 00446nam a2200193Ia 4500
005 20240823034111.0
008 240823s9999||||xx |||||||||||||| ||und||
020 _a81-264-0601-1
041 _aMALAYALAM
082 _A894.8123 Q2
100 _aVijayan O V
245 0 _aEnte Priyappetta Kathakal
250 _a1st
260 _c2012
_b"D C Books,Kot"
500 _aDISPLAY
650 _aStories
_bGeneral
942 _cBK
999 _c197426
_d197426